000
00306nam a2200121Ia 4500
008
220204s9999 xx 000 0 und d
082
_a
061.7(540)
_b
BRI
100
_a
Brijendra Nath Sharma
245
0
_a
Festivals of India
260
_a
New Delhi
_b
Abhinav
_c
1978
650
_a
Indian festivals
942
_c
BK
999
_c
30809
_d
30809